Ч. 1; Термодинамика и кинетика сорбционного концентрирования

Λεπτομέρειες βιβλιογραφικής εγγραφής
Parent link:Термодинамика и кинетика сорбционного концентрирования: учебно-методическое пособие/ Национальный исследовательский Томский политехнический университет ; сост. Н. А. Колпакова, Т. С. Минакова. Ч. 1.— , 2021.— 978-5-4387-1018-9
Περίληψη:В учебном пособии представлены материалы учебного курса "Термодинамика и кинетика сорбционного концентрирования" с теорией, примерами решения задач, заданиями для самостоятельного решения, часть из которых составлена на основании экспериментальных результатов НИР и НИРС, выполненных на кафедрах физической и коллоидной химии Томского государственного университета и Томского политехнического университета. Предназначено для студентов химических факультетов, специализирующихся в области адсорбции, катализа, электрохимии, аналитической химии, а также магистрантов, аспирантов, научных сотрудников и преподавателей, интересующихся этим направлением науки.
Γλώσσα:Ρωσικά
Έκδοση: 2021
Θέματα:
Μορφή: Βιβλίο
KOHA link:https://koha.lib.tpu.ru/cgi-bin/koha/opac-detail.pl?biblionumber=346519

MARC

LEADER 00000nam2a2200000 4500
001 346519
005 20231102005908.0
010 |a 9785438710196 
035 |a (RuTPU)RU\TPU\book\378400 
090 |a 346519 
100 |a 20211007d2021 m y0rusy50 ca 
101 0 |a rus 
102 |a RU 
105 |a a j 001zy 
200 0 |a Ч. 1 
210 |d 2021 
215 |a 229 с.  |c ил. 
320 |a Библиогр.: с. 221-225 
330 |a В учебном пособии представлены материалы учебного курса "Термодинамика и кинетика сорбционного концентрирования" с теорией, примерами решения задач, заданиями для самостоятельного решения, часть из которых составлена на основании экспериментальных результатов НИР и НИРС, выполненных на кафедрах физической и коллоидной химии Томского государственного университета и Томского политехнического университета. Предназначено для студентов химических факультетов, специализирующихся в области адсорбции, катализа, электрохимии, аналитической химии, а также магистрантов, аспирантов, научных сотрудников и преподавателей, интересующихся этим направлением науки. 
452 1 |0 (RuTPU)RU\TPU\book\378324  |t Ч. 1  |o учебно-методическое пособие  |d 2021 
461 1 |0 (RuTPU)RU\TPU\book\378606  |y 978-5-4387-1018-9  |t Термодинамика и кинетика сорбционного концентрирования  |o учебно-методическое пособие  |o в 2 ч.  |f Национальный исследовательский Томский политехнический университет ; сост. Н. А. Колпакова, Т. С. Минакова  |v Ч. 1  |d 2021 
606 1 |a Сорбционное концентрирование  |2 stltpush  |3 (RuTPU)RU\TPU\subj\71392  |9 85327 
610 1 |a химия 
610 1 |a коллоидная химия 
610 1 |a термодинамика 
610 1 |a кинетика 
610 1 |a сорбционные процессы 
610 1 |a сорбция 
610 1 |a изотермы 
610 1 |a полимолекулярная сорбция 
610 1 |a адсорбция 
610 1 |a пористые сорбенты 
610 1 |a поверхности 
610 1 |a твердые тела 
610 1 |a активированные угли 
610 1 |a задачи 
610 1 |a решения 
610 1 |a примеры 
610 1 |a учебно-методические пособия 
610 1 |a труды учёных ТПУ 
675 |a 544.723(07)  |v 4 
801 1 |a RU  |b 63413507  |c 20211007 
801 2 |a RU  |b 63413507  |c 20220113  |g RCR 
942 |c BK